Historia de la filosofía
Furkejuvvon:
| Váldodahkki: | |
|---|---|
| Eará dahkkit: | |
| Materiálatiipa: | Girji |
| Giella: | espánnjágiella |
| Almmustuhtton: |
Barcelona
Ariel
1993
|
| Preanttus: | 2a. ed |
| Ráidu: | Ariel Filosofía
|
| Fáttát: | |
| Fáddágilkorat: |
Lasit fáddágilkoriid
Eai fáddágilkorat, Lasit vuosttaš fáddágilkora!
|
MARC
| LEADER | 00000nam a2200000 a 4500 | ||
|---|---|---|---|
| 001 | UCL0975 | ||
| 003 | CL-VaPUC | ||
| 005 | 20220331074358.0 | ||
| 008 | 030825e19930000SP |||||||||||||||||spa|d | ||
| 999 | |c 304691 |d 304689 | ||
| 020 | |a 8434487284v.8 | ||
| 040 | |c Pontificia Universidad Católica de Valparaíso | ||
| 082 | 0 | 4 | |a 109 |b COP |2 21 |
| 100 | 0 | |a Copleston, Frederick |e author |9 477754 | |
| 245 | 1 | 0 | |a Historia de la filosofía |
| 250 | |a 2a. ed | ||
| 260 | |a Barcelona |b Ariel |c 1993 | ||
| 300 | |a v | ||
| 490 | 0 | |a Ariel Filosofía | |
| 500 | |a v.8: De Bentham a Russell | ||
| 583 | |a last modification |c 20030825 00:00:00 |k Rodrigo Vera | ||
| 650 | 0 | |a Filosofía |9 223554 | |
| 650 | 0 | |a Historia |9 255047 | |
| 650 | 0 | |a Utilitarismo |9 321614 | |
| 650 | 0 | |a Empirismo |9 255037 | |
| 650 | 0 | |a Idealismo |9 265685 | |
| 650 | 0 | |a Pragmatismo |9 316729 | |
| 700 | 1 | |a Camps, Victoria |e traductora |e v.8 |9 863483 | |
| 942 | |c BK |2 ddc | ||
| 945 | |d 20030825 00:00:00 |a cmena | ||
| 952 | |0 0 |1 0 |4 0 |6 109_000000000000000_COP_1993 |7 0 |8 R |9 367346 |a BIBEDU |b BIBEDU |c MCIRC |d 2019-11-21 |h v.8 |i 3935116 |l 1 |o 109 COP 1993 |p 3935116 |r 2023-11-03 |s 2023-11-03 |w 2019-11-21 |y BK_R |k FIL | ||